Republic of Slovenia : Selected Issues.

This paper provides a background on the key policy challenges for Slovenia in the euro zone. Then, it assesses the discretionary scope to adjust spending and proposes initial steps to enhance budget flexibility so that fiscal adjustment can be targeted on relatively inefficient spending. This study...

Повний опис

Бібліографічні деталі
Співавтор: International Monetary Fund
Формат: Журнал
Мова:English
Опубліковано: Washington, D.C. : International Monetary Fund, 2006.
Серія:IMF Staff Country Reports; Country Report ; No. 2006/250
Онлайн доступ:Full text available on IMF
LEADER 01654cas a2200241 a 4500
001 AALejournalIMF004313
008 230101c9999 xx r poo 0 0eng d
020 |c 5.00 USD 
020 |z 9781451835786 
022 |a 1934-7685 
040 |a BD-DhAAL  |c BD-DhAAL 
110 2 |a International Monetary Fund. 
245 1 0 |a Republic of Slovenia :   |b Selected Issues. 
264 1 |a Washington, D.C. :  |b International Monetary Fund,  |c 2006. 
300 |a 1 online resource (111 pages) 
490 1 |a IMF Staff Country Reports 
500 |a <strong>Off-Campus Access:</strong> No User ID or Password Required 
500 |a <strong>On-Campus Access:</strong> No User ID or Password Required 
506 |a Electronic access restricted to authorized BRAC University faculty, staff and students 
520 3 |a This paper provides a background on the key policy challenges for Slovenia in the euro zone. Then, it assesses the discretionary scope to adjust spending and proposes initial steps to enhance budget flexibility so that fiscal adjustment can be targeted on relatively inefficient spending. This study also discusses the long-term fiscal sustainability position of Slovenia using a generational accounting framework. A simulation of retirement incentives suggests that the pension system will encourage individuals to retire earlier than the statutory full pensionable age. These incentives are stronger for low-income earners. 
538 |a Mode of access: Internet 
830 0 |a IMF Staff Country Reports; Country Report ;  |v No. 2006/250 
856 4 0 |z Full text available on IMF  |u http://elibrary.imf.org/view/journals/002/2006/250/002.2006.issue-250-en.xml  |z IMF e-Library